Paramnesia: víctimas y palomas

Uloženo v:
Podrobná bibliografie
Hlavní autor: Soto Escobar, Alejandro (Autor)
Médium: Kniha
Jazyk:španělština
Vydáno: Valparaíso El Espejo de Tinta 2003
Edice:Narrativa
Témata:
Tagy: Přidat tag
Žádné tagy, Buďte první, kdo vytvoří štítek k tomuto záznamu!

MARC

LEADER 00000nam a2200000 a 4500
001 UCL6550
003 CL-VaPUC
008 040416e20030000CL |||||||||||||||||spa|d
082 0 4 |a Ch863  |b SOT  |2 21 
100 0 |a Soto Escobar, Alejandro  |e author  |9 484155 
245 1 0 |a Paramnesia: víctimas y palomas 
300 |a 162 p 
942 |c BK 
945 |d 20040416 00:00:00  |a cmena 
260 |a Valparaíso  |b El Espejo de Tinta  |c 2003 
650 0 |a Narrativa chilena  |9 342463 
650 0 |a Literatura juvenil   |9 309909 
650 0 |a Crónicas chilenas  |9 321511 
650 0 |a Cuentos chilenos   |9 308280 
583 |a last modification  |c 20040416 00:00:00  |k Rodrigo Vera 
490 0 |a Narrativa 
999 |c 308553  |d 308551 
952 |0 0  |1 0  |4 0  |6 CH_863_000000000000000_SOT_2003  |7 0  |8 A  |9 375164  |a BIBEDU  |b BIBEDU  |d 2019-11-21  |i 3958159  |o Ch863 SOT 2003  |p 3958159  |r 2019-11-21  |w 2019-11-21  |y BK  |k LIT